000 00473nam a22001817a 4500
005 20231009123721.0
008 230816b |||||||| |||| 00| 0 eng d
020 _a978-93-5466-477-9
041 _aeng
082 _a611.9
100 _aCHAURASIA, B.D
_98204
245 _aHUMAN ANATOMY:regional and applied dissection and clinical [HEAD AND NECK] VOL-3
250 _a9TH, ED, 2023
260 _aNEW DELHI
_bCBS
300 _a359;p
650 _aBPT
_98205
942 _cBK
999 _c8363
_d8361